01024nam a2200229 a 450000100100000000500170001000800410002702000150006804000250008308200150010810000370012324501530016026000720031330000210038549000340040650000740044070000370051471000720055183000410062395201130066499900170077700004163220201002035657.0131014s2005 sp 000 0 spa d a8400083636 aDO-SdBNPbspacBNPHU axxxbR696e1 aRodríguez Nozal, Raúl96841610aEntre el arte y la técnica :blos orígenes de la fabricación industrial del medicamento /cRaúl Rodríguez Nozal, Antonio González Bueno. aMadrid :bConsejo Superior de Investigaciones Científicas,c2005. a491 p. ;c22 cm.1 aEstudios sobre la cienciav38 aIncluye referencias bibliográficas y notas al pie de las páginas.12aGonzález Bueno, Antonio9684172 aConsejo Superior de Investigaciones Científicas (España)915178 0aEstudios sobre la ciencian38968418 001050718MOaGRbGRcCTd2013-10-14iLF1l0oxxx R696ep41632-10r2020-06-25w2020-06-25y1ZNo se presta c41122d41122